00363nam a2200157Ia 4500008004000000041000800040082001200048100001600060245003500076260004300111650001100154650001100165650000900176650001200185650000800197210210b1912 xxu||||| |||| 00| 0 eng d aeng a825/253 aDIXON (W M) aEnglish epic and heroic poetry aNew YorkbJ M Dent and Sons Ltd.c1912 apoetry aheroic aepic aEnglish aand